| 000 | 00557nam a22001937a 4500 | ||
|---|---|---|---|
| 003 | OSt | ||
| 005 | 20180116183031.0 | ||
| 008 | 151221b xxu||||| |||| 00| 0 eng d | ||
| 020 | _a04-484-87-1 | ||
| 024 | _204-484-87-1 | ||
| 040 | _cLahore LUMS | ||
| 082 | _a174.4 LUM 1987 | ||
| 100 | _aArif J, Malik S | ||
| 245 |
_aH KARIM BUKSH LIMITED-LIBERTY BRANCH _cArif J, Malik S |
||
| 260 |
_aLahore LUMS _b Lahore University of Management Sciences _c1987 |
||
| 300 |
_a10 p. _bPapers |
||
| 440 | _aH KARIM BUKSH LIMITED-LIBERTY BRANCH | ||
| 942 |
_2ddc _cCS |
||
| 999 |
_c350994 _d350994 |
||